Directrius per al productor : producció i manteniment de materials digitals : directrius per a particulars / traducció a cura de: Albert Villaró ; amb la col·laboració de: Lluís-Esteve Casellas producció i manteniment de materials digitals :

ISBN: 84-922482-8-9
Descripció física: 29 p. ; 21 cm

MARC

LEADER 00000nam a2200000Ia 4500
001 21381
008 160829s2008 xx 000 0 cat d
020 |a 84-922482-8-9 
080 |a FU-39-54 
245 |a Directrius per al productor :  |b  producció i manteniment de materials digitals :  |b  directrius per a particulars / traducció a cura de:  |b  Albert Villaró ; amb la col·laboració de:  |b  Lluís-Esteve Casellas 
260 |a Barcelona :  |b Associació d'Arxivers de Catalunya :  |b Generalitat de Catalunya. Departament de Cultura i Mitjans de Comunicació,  |c 2008 
300 |a 29 p. ;  |c 21 cm 
490 |a Textos / Associació d'Arxivers de Catalunya ; 7 
650 |a Preservació digital   |9 44409 
650 |a Fitxers informàtics  |x Conservació i restauració   |9 44410 
650 |a Publicacions electròniques  |x Conservació i restauració I  |9 44411 
650 |a Documents electrònics  |x Conservació i restauració  |9 44412 
700 |a Villaró, Albert, tr.   |9 44413 
700 |a Casellas i Serra, Lluís-Esteve   |9 26654 
710 2 |a Associació d'Arxivers de Catalunya  |9 52966 
710 1 |a Catalunya.  |b Departament de Cultura i Mitjans de Comunicació  |9 55890 
901 |a Arxiu 
942 |n 1 
952 |0 0  |1 0  |4 0  |6 FU3954  |7 1  |9 51937  |a Arxiu  |b Arxiu  |d 2016-12-01  |l 0  |o FU-39-54  |p 21381  |r 2016-12-01 00:00:00  |w 2016-12-01  |y ARXIU 
952 |0 0  |1 0  |4 0  |6 PDL  |7 1  |9 63822  |a Arxiu  |b Arxiu  |d 2022-09-07  |l 0  |o PDL  |p 26732  |r 2022-09-07 00:00:00  |w 2022-09-07  |y ARXIU 
999 |c 55784  |d 55784